[Event "Ruhrgebiet Verbandsklasse Gruppe 2 1718"]
[Site "Germany"]
[Date "2018.04.29"]
[Round "9.7"]
[White "Link, Fabian"]
[Black "Borger, Alexander"]
[Result "1/2-1/2"]
[WhiteElo "1704"]
[BlackElo "1886"]
[PlyCount "75"]
[EventDate "2017.09.17"]
[EventType "team-tourn"]
[EventRounds "9"]
[EventCountry "GER"]
[SourceTitle "EXT 2022"]
[Source "ChessBase"]
[SourceDate "2021.10.06"]
[SourceVersion "1"]
[SourceVersionDate "2021.10.06"]
[SourceQuality "1"]
[WhiteTeam "Bochum SV II"]
[BlackTeam "Steele/Kray Rochade"]
[WhiteTeamCountry "GER"]
[BlackTeamCountry "GER"]

1. c4 Nf6 2. Nc3 e5 3. g3 Be7 4. Bg2 0-0 5. e4 d6 6. Nge2 Be6 7. d3 c6 8. 0-0 Na6 9. h3 Nd7 10. b3 f5 11. d4 fxe4 12. d5 Bf7 13. dxc6 bxc6 14. Bxe4 Rc8 15. Ba3 Qc7 16. Qc2 Nf6 17. Bf5 Rcd8 18. Rad1 g6 19. Bd3 Qa5 20. Qc1 Nb4 21. f4 Nxd3 22. Rxd3 exf4 23. Rxf4 Ne8 24. Ne4 Be6 25. Kh2 Rxf4 26. Nxf4 Bf5 27. Re3 Bf8 28. Ng5 Ng7 29. b4 Qb6 30. g4 Bc8 31. Qc3 d5 32. cxd5 cxd5 33. Bb2 Qd6 34. Qe5 Qxe5 35. Bxe5 h6 36. Nf3 g5 37. Nd3 Ne6 38. Nd4 1/2-1/2

[Event "Ruhrgebiet Verbandsklasse Gruppe 2 1718"]
[Site "Germany"]
[Date "2018.01.14"]
[Round "5.7"]
[White "Barth, Hans Joachim"]
[Black "Borger, Alexander"]
[Result "1/2-1/2"]
[WhiteElo "1677"]
[BlackElo "1886"]
[PlyCount "77"]
[EventDate "2017.09.17"]
[EventType "team-tourn"]
[EventRounds "9"]
[EventCountry "GER"]
[SourceTitle "EXT 2022"]
[Source "ChessBase"]
[SourceDate "2021.10.06"]
[SourceVersion "1"]
[SourceVersionDate "2021.10.06"]
[SourceQuality "1"]
[WhiteTeam "Hoentrop SG"]
[BlackTeam "Steele/Kray Rochade"]
[WhiteTeamCountry "GER"]
[BlackTeamCountry "GER"]

1. b3 d5 2. Bb2 e6 3. e3 Nf6 4. f4 c5 5. Nf3 Nc6 6. Bb5 Bd7 7. 0-0 Be7 8. d3 0-0 9. Nbd2 a6 10. Bxc6 Bxc6 11. Ne5 Qc7 12. Ndf3 b5 13. Nxc6 Qxc6 14. a4 b4 15. Ne5 Qc7 16. Qf3 Rfd8 17. g4 Nd7 18. Rf2 f6 19. Nxd7 Qxd7 20. f5 e5 21. g5 fxg5 22. Bxe5 Bf6 23. Bxf6 gxf6 24. Kg2 Rac8 25. Qg4 Qf7 26. h4 h5 27. Qg3 g4 28. Qf4 Kh7 29. Kg3 Qc7 30. Re1 Re8 31. Rfe2 Re5 32. e4 Qe7 33. Kf2 Re8 34. Kg3 Qb7 35. Kf2 Qe7 36. Kg3 a5 37. Re3 Qd6 38. R3e2 Qe7 39. Re3 1/2-1/2

[Event "Ruhrgebiet Verbandsklasse Gruppe 2 1718"]
[Site "Germany"]
[Date "2017.12.03"]
[Round "4.6"]
[White "Tenschert, Hartmut"]
[Black "Borger, Alexander"]
[Result "0-1"]
[WhiteElo "1743"]
[BlackElo "1886"]
[PlyCount "118"]
[EventDate "2017.09.17"]
[EventType "team-tourn"]
[EventRounds "9"]
[EventCountry "GER"]
[SourceTitle "EXT 2022"]
[Source "ChessBase"]
[SourceDate "2021.10.06"]
[SourceVersion "1"]
[SourceVersionDate "2021.10.06"]
[SourceQuality "1"]
[WhiteTeam "Sodingen/Castrop SK III"]
[BlackTeam "Steele/Kray Rochade"]
[WhiteTeamCountry "GER"]
[BlackTeamCountry "GER"]

1. d4 Nf6 2. Bf4 e6 3. e3 d5 4. Bd3 c5 5. c3 Nc6 6. Nd2 Be7 7. Ngf3 0-0 8. h3 a6 9. Ne5 Nxe5 10. Bxe5 b5 11. 0-0 Qb6 12. Qb1 h6 13. Qd1 Bb7 14. Nf3 Ne4 15. Nh2 f5 16. f3 Nf6 17. Rf2 Bd6 18. f4 Bxe5 19. fxe5 Ne4 20. Rf1 Rac8 21. Nf3 b4 22. c4 dxc4 23. Bxc4 cxd4 24. Qb3 Nc5 25. Qd1 dxe3 26. Qe2 Ne4 27. Kh2 f4 28. Rfe1 Rfd8 29. Rad1 Ng3 30. Rxd8+ Rxd8 31. Qc2 Bxf3 32. Qg6 Be4 33. Bxe6+ Kh8 34. Qf7 Bh7 35. Qxf4 Qxe6 36. Qxg3 Qxa2 37. Rxe3 Qe6 38. Qh4 Rb8 39. Qg3 a5 40. Re1 Rb5 41. Kh1 b3 42. Qf4 Bc2 43. Qd4 Rd5 44. Qf4 Rd1 45. Rxd1 Bxd1 46. Qd4 Bc2 47. Qd8+ Kh7 48. Qxa5 Be4 49. Kh2 Qd5 50. Qc3 Bxg2 51. Qg3 Be4 52. Qf4 Qc4 53. Qf2 Qc2 54. Kg3 Qxf2+ 55. Kxf2 Kg6 56. Ke3 Bf5 57. h4 Kh5 58. Kf4 Be6 59. Kg3 g6 0-1

[Event "Ruhrgebiet Verbandsliga Gruppe 1 1617"]
[Site "Germany"]
[Date "2016.12.18"]
[Round "5.5"]
[White "Wloka, Sebastian"]
[Black "Borger, Alexander"]
[Result "1-0"]
[WhiteElo "1847"]
[BlackElo "1916"]
[PlyCount "57"]
[EventDate "2016.09.04"]
[EventType "team-tourn"]
[EventRounds "9"]
[EventCountry "GER"]
[SourceTitle "EXT 2022"]
[Source "ChessBase"]
[SourceDate "2021.10.06"]
[SourceVersion "1"]
[SourceVersionDate "2021.10.06"]
[SourceQuality "1"]
[WhiteTeam "Eichlinghofen SV"]
[BlackTeam "Steele/Kray Rochade"]
[WhiteTeamCountry "GER"]
[BlackTeamCountry "GER"]

1. d4 d5 2. c4 c6 3. e3 Nf6 4. Qc2 e6 5. Nf3 Nbd7 6. b3 Be7 7. Bd3 0-0 8. 0-0 b6 9. Ba3 Bb7 10. Bxe7 Qxe7 11. Nbd2 c5 12. Rad1 dxc4 13. bxc4 Rfd8 14. e4 e5 15. d5 Ne8 16. Qc3 Nd6 17. a4 a6 18. Rb1 a5 19. h3 g6 20. Nh2 f5 21. f4 fxe4 22. Nxe4 Nxe4 23. Bxe4 exf4 24. Rxf4 Qd6 25. Rbf1 Rf8 26. Qg3 Rxf4 27. Rxf4 Re8 28. Ng4 g5 29. Rf7 1-0

[Event "Ruhrgebiet Verbandsliga Gruppe 1 1516"]
[Site "Germany"]
[Date "2016.04.24"]
[Round "9.7"]
[White "Borger, Alexander"]
[Black "Ebert, Manfred"]
[Result "1/2-1/2"]
[WhiteElo "1933"]
[BlackElo "1894"]
[PlyCount "44"]
[EventDate "2015.09.06"]
[EventType "team-tourn"]
[EventRounds "9"]
[EventCountry "GER"]
[SourceTitle "EXT 2022"]
[Source "ChessBase"]
[SourceDate "2021.10.06"]
[SourceVersion "1"]
[SourceVersionDate "2021.10.06"]
[SourceQuality "1"]
[WhiteTeam "Steele/Kray Rochade"]
[BlackTeam "Buer SF"]
[WhiteTeamCountry "GER"]
[BlackTeamCountry "GER"]

1. d4 Nf6 2. c4 g6 3. Nc3 Bg7 4. e4 d6 5. Be2 0-0 6. Bg5 Nbd7 7. f4 c5 8. d5 a6 9. Nf3 Qc7 10. 0-0 Re8 11. Qd2 h6 12. Bh4 Nh7 13. Bg3 b6 14. a4 Bb7 15. Rae1 Rad8 16. Bd3 e5 17. dxe6 Rxe6 18. Nd5 Qc8 19. f5 gxf5 20. exf5 Rxe1 21. Rxe1 Bxd5 22. cxd5 Ndf6 1/2-1/2

[Event "Ruhrgebiet Verbandsliga Gruppe 1 1415"]
[Site "Germany"]
[Date "2014.09.21"]
[Round "1"]
[White "Mueller Clostermann, Bruno"]
[Black "Borger, Alexander"]
[Result "1/2-1/2"]
[WhiteElo "2013"]
[BlackElo "1936"]
[PlyCount "40"]
[EventDate "2014.09.21"]
[EventType "team-tourn"]
[EventRounds "9"]
[EventCountry "GER"]
[SourceTitle "EXT 2022"]
[Source "ChessBase"]
[SourceDate "2021.10.06"]
[SourceVersion "1"]
[SourceVersionDate "2021.10.06"]
[SourceQuality "1"]
[WhiteTeam "Katernberg SF III"]
[BlackTeam "Steele/Kray Rochade"]
[WhiteTeamCountry "GER"]
[BlackTeamCountry "GER"]

1. Nf3 d5 2. g3 Nf6 3. Bg2 e6 4. d4 Be7 5. c4 c6 6. Qc2 0-0 7. 0-0 Nbd7 8. Nbd2 b6 9. e4 dxe4 10. Nxe4 Bb7 11. Rd1 Qc8 12. Nxf6+ Nxf6 13. b3 c5 14. Bb2 cxd4 15. Rxd4 Qc6 16. Rad1 Rfd8 17. Rxd8+ Rxd8 18. Rxd8+ Bxd8 19. Qd2 Be7 20. Ne1 Qc8 1/2-1/2

[Event "Ruhrgebiet VK2 1213"]
[Site "Nordrheinwestfalen"]
[Date "2013.01.13"]
[Round "5"]
[White "Borger, Alexander"]
[Black "Kueper, Peter"]
[Result "1-0"]
[WhiteElo "1937"]
[BlackElo "1875"]
[PlyCount "41"]
[EventDate "2012.09.02"]
[EventType "team-tourn"]
[EventRounds "9"]
[EventCountry "GER"]
[SourceTitle "EXT 2020"]
[Source "ChessBase"]
[SourceDate "2019.10.17"]
[SourceVersion "1"]
[SourceVersionDate "2019.10.17"]
[SourceQuality "1"]
[WhiteTeam "Rochade Steele/Kray"]
[BlackTeam "Kirchhellen SF"]
[WhiteTeamCountry "GER"]
[BlackTeamCountry "GER"]

1. d4 d5 2. c4 e6 3. Nc3 c6 4. e4 Bb4 5. cxd5 cxd5 6. e5 Ne7 7. Nf3 Ng6 8. h4 Nc6 9. Bd3 Bd7 10. g3 f6 11. exf6 Qxf6 12. Bg5 Qf7 13. 0-0 0-0 14. Kg2 Rae8 15. Be3 Nge7 16. Ng5 Qf6 17. Nxh7 Qf7 18. Ng5 Qf6 19. Qh5 Qh6 20. Bh7+ Kh8 21. Nf7+ 1-0

[Event "Ruhrgebiet VK2 1213"]
[Site "Nordrheinwestfalen"]
[Date "2012.09.02"]
[Round "1"]
[White "Borger, Alexander"]
[Black "Struschka, Andreas"]
[Result "1-0"]
[WhiteElo "1937"]
[BlackElo "1910"]
[PlyCount "83"]
[EventDate "2012.09.02"]
[EventType "team-tourn"]
[EventRounds "9"]
[EventCountry "GER"]
[SourceTitle "EXT 2020"]
[Source "ChessBase"]
[SourceDate "2019.10.17"]
[SourceVersion "1"]
[SourceVersionDate "2019.10.17"]
[SourceQuality "1"]
[WhiteTeam "Rochade Steele/Kray"]
[BlackTeam "Katernberg SF III"]
[WhiteTeamCountry "GER"]
[BlackTeamCountry "GER"]

1. d4 g6 2. c4 Bg7 3. Nc3 d6 4. g3 Nc6 5. Nf3 Bg4 6. d5 Bxf3 7. exf3 Nd4 8. Bg2 h5 9. h4 c5 10. dxc6 bxc6 11. 0-0 Rb8 12. f4 Nh6 13. Re1 0-0 14. Rb1 a5 15. Qd3 Qd7 16. Ne4 Qf5 17. Be3 Ne6 18. Qe2 d5 19. cxd5 cxd5 20. Nc5 d4 21. Nxe6 Qxe6 22. Bd2 Qxa2 23. Qxe7 Rxb2 24. Rxb2 Qxb2 25. Bxa5 Ng4 26. Qe2 Qa3 27. Bd2 Qb2 28. Bf3 Nf6 29. Qd3 Rd8 30. Rd1 Qa2 31. f5 gxf5 32. Qxf5 Qb3 33. Bg5 Rd5 34. Qc8+ Kh7 35. Kg2 Rd6 36. Qf5+ Kg8 37. Rd3 Qe6 38. Qa5 Kh7 39. Qa8 Nd5 40. Rd2 Qf5 41. Qe8 Rd7 42. Be4 1-0

[Event "Ruhrgebiet VK2 1112"]
[Site "Nordrheinwestfalen"]
[Date "2012.03.04"]
[Round "7"]
[White "Borger, Alexander"]
[Black "Pruefer, Wolfgang"]
[Result "1/2-1/2"]
[WhiteElo "1935"]
[BlackElo "2023"]
[PlyCount "40"]
[EventDate "2012.09.18"]
[EventType "team-tourn"]
[EventRounds "9"]
[EventCountry "GER"]
[SourceTitle "EXT 2020"]
[Source "ChessBase"]
[SourceDate "2019.10.17"]
[SourceVersion "1"]
[SourceVersionDate "2019.10.17"]
[SourceQuality "1"]
[WhiteTeam "Rochade Steele/Kray"]
[BlackTeam "Oberhausen SV III"]
[WhiteTeamCountry "GER"]
[BlackTeamCountry "GER"]

1. d4 d5 2. c4 e6 3. Nc3 f5 4. g3 c6 5. Bg2 Nf6 6. Nf3 Bd6 7. 0-0 Nbd7 8. Bf4 Bxf4 9. gxf4 Ne4 10. cxd5 exd5 11. Qb3 0-0 12. e3 Rf6 13. Ne5 Nxe5 14. Nxe4 fxe4 15. fxe5 Rg6 16. f4 Bh3 17. Rf2 Qd7 18. Raf1 Bf5 19. Kh1 Re8 20. Rg1 Ree6 1/2-1/2

[Event "Ruhrgebiet VK2 1112"]
[Site "Nordrheinwestfalen"]
[Date "2012.01.08"]
[Round "5"]
[White "Mueller, Karl Peter"]
[Black "Borger, Alexander"]
[Result "0-1"]
[WhiteElo "1658"]
[BlackElo "1935"]
[PlyCount "84"]
[EventDate "2012.09.18"]
[EventType "team-tourn"]
[EventRounds "9"]
[EventCountry "GER"]
[SourceTitle "EXT 2020"]
[Source "ChessBase"]
[SourceDate "2019.10.17"]
[SourceVersion "1"]
[SourceVersionDate "2019.10.17"]
[SourceQuality "1"]
[WhiteTeam "Drewer SG"]
[BlackTeam "Rochade Steele/Kray"]
[WhiteTeamCountry "GER"]
[BlackTeamCountry "GER"]

1. d4 d5 2. c4 c6 3. Nc3 Nf6 4. Bg5 e6 5. e3 Nbd7 6. Nf3 Qa5 7. Qa4 Qxa4 8. Nxa4 dxc4 9. Nc3 b5 10. a3 a6 11. g3 c5 12. Bg2 Bb7 13. 0-0 cxd4 14. Nxd4 Bxg2 15. Kxg2 h6 16. Bxf6 Nxf6 17. Rfd1 Bc5 18. Nc6 0-0 19. Rd2 Rfc8 20. Ne5 Rd8 21. Rad1 Rxd2 22. Rxd2 Kf8 23. Kf3 Rc8 24. h3 Ke8 25. Ke2 Rc7 26. Rd1 Ke7 27. e4 Nd7 28. Nf3 Nb8 29. Rd2 Nc6 30. Rd1 Rd7 31. Rxd7+ Kxd7 32. Ke1 f6 33. Ke2 Nd4+ 34. Nxd4 Bxd4 35. Nd1 Kc6 36. Kd2 a5 37. Kc2 Kc5 38. f3 b4 39. axb4+ axb4 40. b3 h5 41. g4 hxg4 42. hxg4 g6 0-1

[Event "Ruhrgebiet VK2 0405"]
[Site "Ruhrgebiet"]
[Date "2005.04.10"]
[Round "9.4"]
[White "Borger, Alexander"]
[Black "Wuebbeke, Christoph"]
[Result "0-1"]
[WhiteElo "1965"]
[BlackElo "1935"]
[PlyCount "66"]
[EventDate "2004.09.12"]
[EventType "team"]
[EventRounds "9"]
[EventCountry "GER"]
[SourceTitle "EXT 2006"]
[Source "ChessBase"]
[SourceDate "2005.11.24"]
[SourceVersion "1"]
[SourceVersionDate "2005.11.24"]
[SourceQuality "1"]
[WhiteTeam "Rochade Steele/Kray"]
[BlackTeam "Brackel III"]
[WhiteTeamCountry "GER"]
[BlackTeamCountry "GER"]

1. e4 e5 2. Nf3 Nc6 3. d4 exd4 4. Nxd4 Qh4 5. Nc3 Bb4 6. Ndb5 Kd8 7. Bd3 a6 8. Na3 Bxc3+ 9. bxc3 Nf6 10. g3 Qh3 11. Bg5 Qg2 12. Rf1 h6 13. Bxf6+ gxf6 14. Qh5 Ne5 15. 0-0-0 d6 16. Qh4 Qf3 17. Qf4 Bg4 18. Qxf3 Nxf3 19. Rh1 Bh3 20. Bf1 Bxf1 21. Rhxf1 Re8 22. Rd3 Nxh2 23. Rh1 Ng4 24. Rf1 Rxe4 25. f3 Ra4 26. fxg4 Rxa3 27. Rxf6 Ke7 28. Rdf3 Rf8 29. Rxh6 Rxa2 30. g5 Ra5 31. g6 Rg5 32. gxf7 Rxf7 33. Rd3 Rfg7 0-1

[Event "Ruhrgebiet VK2 0405"]
[Site "Ruhrgebiet"]
[Date "2005.01.30"]
[Round "6.4"]
[White "Arndt, Olaf"]
[Black "Borger, Alexander"]
[Result "1-0"]
[WhiteElo "1921"]
[BlackElo "1965"]
[PlyCount "89"]
[EventDate "2004.09.12"]
[EventType "team"]
[EventRounds "9"]
[EventCountry "GER"]
[SourceTitle "EXT 2006"]
[Source "ChessBase"]
[SourceDate "2005.11.24"]
[SourceVersion "1"]
[SourceVersionDate "2005.11.24"]
[SourceQuality "1"]
[WhiteTeam "Horst II"]
[BlackTeam "Rochade Steele/Kray"]
[WhiteTeamCountry "GER"]
[BlackTeamCountry "GER"]

1. e4 c5 2. Nf3 d6 3. d4 cxd4 4. Nxd4 Nf6 5. Nc3 a6 6. Be2 e6 7. Be3 Be7 8. 0-0 0-0 9. f4 Qc7 10. Bf3 Bd7 11. g4 Nc6 12. g5 Ne8 13. h4 b5 14. a3 Rc8 15. Qe2 Nxd4 16. Bxd4 Qc4 17. Qe3 e5 18. Nd5 Bd8 19. fxe5 dxe5 20. Bxe5 Qxc2 21. Rac1 Qa4 22. Bd1 Rxc1 23. Bxa4 Rxf1+ 24. Kxf1 bxa4 25. Qg3 f6 26. gxf6 Nxf6 27. Nxf6+ Bxf6 28. Bxf6 Rxf6+ 29. Ke2 Kf7 30. Ke3 g6 31. Kd4 h5 32. Qc7 Ke7 33. e5 Re6 34. Kd5 Ke8 35. Ke4 Ke7 36. Kf4 Rc6 37. Qb8 Re6 38. Kg5 Rc6 39. Qb4+ Kf7 40. Qxa4 Ke7 41. Qb4+ Kf7 42. Qd4 Bf5 43. Qd5+ Re6 44. b4 Ke8 45. a4 1-0

[Event "Ruhrgebiet VK2 0405"]
[Site "Ruhrgebiet"]
[Date "2005.01.09"]
[Round "5.4"]
[White "Borger, Alexander"]
[Black "Sawatzki, Dietmar"]
[Result "1/2-1/2"]
[WhiteElo "1965"]
[BlackElo "1759"]
[PlyCount "60"]
[EventDate "2004.09.12"]
[EventType "team"]
[EventRounds "9"]
[EventCountry "GER"]
[SourceTitle "EXT 2006"]
[Source "ChessBase"]
[SourceDate "2005.11.24"]
[SourceVersion "1"]
[SourceVersionDate "2005.11.24"]
[SourceQuality "1"]
[WhiteTeam "Rochade Steele/Kray"]
[BlackTeam "Ickern"]
[WhiteTeamCountry "GER"]
[BlackTeamCountry "GER"]

1. d4 d5 2. Nf3 Nf6 3. c4 e6 4. Nc3 Nbd7 5. e3 b6 6. cxd5 exd5 7. Bb5 Bb4 8. 0-0 Bxc3 9. bxc3 Bb7 10. Ba3 c6 11. Bd3 Qc7 12. c4 c5 13. dxc5 bxc5 14. cxd5 Bxd5 15. e4 Bb7 16. Qc2 0-0 17. Rfe1 Rfe8 18. Bb2 h6 19. Rac1 Rac8 20. Nd2 Ng4 21. Nf1 Nge5 22. Qc3 Nf6 23. Bb1 c4 24. h3 Qc5 25. Re3 Rcd8 26. Ng3 Qb6 27. Nf5 Qe6 28. Qxe5 Qxe5 29. Bxe5 Rxe5 30. f3 Rb5 1/2-1/2

[Event "Ruhrgebiet VK2 0405"]
[Site "Ruhrgebiet"]
[Date "2004.11.28"]
[Round "4.4"]
[White "Linde, Wolfgang"]
[Black "Borger, Alexander"]
[Result "1/2-1/2"]
[WhiteElo "2032"]
[BlackElo "1965"]
[PlyCount "150"]
[EventDate "2004.09.12"]
[EventType "team"]
[EventRounds "9"]
[EventCountry "GER"]
[SourceTitle "EXT 2006"]
[Source "ChessBase"]
[SourceDate "2005.11.24"]
[SourceVersion "1"]
[SourceVersionDate "2005.11.24"]
[SourceQuality "1"]
[WhiteTeam "Welper SV"]
[BlackTeam "Rochade Steele/Kray"]
[WhiteTeamCountry "GER"]
[BlackTeamCountry "GER"]

1. d4 d5 2. Nf3 Nf6 3. c4 dxc4 4. e3 e6 5. Bxc4 c5 6. 0-0 a6 7. a3 b5 8. Ba2 cxd4 9. exd4 Be7 10. Nc3 Bb7 11. Bg5 0-0 12. Qd3 Nbd7 13. Rad1 Re8 14. Ne5 Nf8 15. f4 Nd5 16. Bxe7 Rxe7 17. f5 f6 18. Nf3 Kh8 19. Nh4 exf5 20. Nxd5 Bxd5 21. Bxd5 Qxd5 22. Nxf5 Rd7 23. Ne3 Qf7 24. d5 Rad8 25. Rf3 Rd6 26. Rg3 Ng6 27. Rh3 h6 28. Rg3 Nf4 29. Qf1 g5 30. h4 Qa7 31. Kh1 Qd7 32. hxg5 hxg5 33. Qf3 Re8 34. Rd4 Qh7+ 35. Kg1 Qb1+ 36. Kh2 Re7 37. Rxf4 gxf4 38. Qxf4 Rh7+ 39. Rh3 Rxh3+ 40. Kxh3 Qh7+ 41. Kg3 Qg6+ 42. Kf2 Rd7 43. Nf5 Qg5 44. Qxg5 fxg5 45. d6 Kh7 46. g4 Kg6 47. Ke3 Kf6 48. Kd4 Ke6 49. Kc5 Rh7 50. Kc6 Rh1 51. Ng7+ Kf7 52. d7 Rc1+ 53. Kb7 Rd1 54. Kc7 Kxg7 55. d8Q Rxd8 56. Kxd8 Kf6 57. Kc7 Ke5 58. Kb6 Kf4 59. Kxa6 Kxg4 60. Kxb5 Kf4 61. a4 g4 62. a5 g3 63. a6 g2 64. a7 g1Q 65. a8Q Qf1+ 66. Kb4 Qe1+ 67. Kb3 Qe6+ 68. Ka3 Qd6+ 69. b4 Qd3+ 70. Ka4 Qd1+ 71. Kb5 Qe2+ 72. Kb6 Qe3+ 73. Kb5 Qe2+ 74. Kc5 Qe3+ 75. Kb5 Qe2+ 1/2-1/2

[Event "Ruhrgebiet VL1 0304"]
[Site "Ruhrgebiet"]
[Date "2003.09.28"]
[Round "1.5"]
[White "Stoppel, Harald"]
[Black "Borger, Alexander"]
[Result "0-1"]
[WhiteElo "1909"]
[BlackElo "1957"]
[PlyCount "68"]
[EventDate "2003.09.28"]
[EventType "team"]
[EventRounds "9"]
[EventCountry "GER"]
[SourceTitle "EXT 2007"]
[Source "ChessBase"]
[SourceDate "2006.11.23"]
[SourceVersion "1"]
[SourceVersionDate "2006.11.23"]
[SourceQuality "1"]
[WhiteTeam "Laeufer Wanne Eickel"]
[BlackTeam "Steele/Kray Rochade"]
[WhiteTeamCountry "GER"]
[BlackTeamCountry "GER"]

1. e4 c5 2. Nf3 d6 3. d4 cxd4 4. Nxd4 Nf6 5. Nc3 a6 6. Bg5 Qb6 7. Nb3 Nbd7 8. Be2 e6 9. 0-0 Be7 10. a4 Qc7 11. a5 0-0 12. Ra4 b5 13. axb6 Nxb6 14. Rd4 e5 15. Rd3 Rd8 16. Rg3 Be6 17. Nd2 d5 18. exd5 Nbxd5 19. Qc1 Nxc3 20. Rxc3 Qa5 21. Nc4 Qc7 22. Ne3 Qb8 23. Bf3 Ra7 24. Re1 Bb4 25. Bxf6 Bxc3 26. bxc3 gxf6 27. Be4 Qc8 28. g4 Qxc3 29. Rd1 Rad7 30. Rxd7 Rxd7 31. Qf1 Rd4 32. Qxa6 Qe1+ 33. Kg2 Rd2 34. Qf1 Qxe3 0-1